| 000 | 00705nam a2200133Ia 4500 | ||
|---|---|---|---|
| 008 | 171212s9999 xx 000 0 und d | ||
| 020 | _a9780833036612 | ||
| 100 | _aCecchine, Gary;Wermuth, Michael A.;Molander, Roger C.;McMahon, K. Scott;Malkin, Jesse D. | ||
| 245 |
_cCecchine, Gary;Wermuth, Michael A.;Molander, Roger C.;McMahon, K. Scott;Malkin, Jesse D. _aTriage for Civil Support _bUsing Military Medical Assets to Respond to Terrorist Attacks |
||
| 260 |
_bRAND Corporation _c2004 |
||
| 650 | _aHealth Sciences | ||
| 650 | _aUnited States -- Armed Forces -- Medical care; Civil defense -- United States; United States -- Armed Forces -- Civic action | ||
| 856 | _uwww.jstor.org/stable/10.7249/mg217osd | ||
| 999 |
_c352757 _d352757 |
||